Süper Lig'de En Fazla Puan Alan Takımlar - Statistics

General Stats
  • This quiz has been taken 61 times
  • The average score is 15 of 20
Answer Stats
Şuanki Lig Puan Takım % Correct
Süper Lig 3,772 Beşiktaş
100%
Süper Lig 3,964 Fenerbahçe
100%
Süper Lig 3,937 Galatasaray
100%
Süper Lig 2,839 Trabzonspor
100%
TFF 2. Lig 1,997 Bursaspor
92%
Süper Lig 960 Başakşehir
85%
Süper Lig 1,021 Göztepe
82%
TFF 2. Lig 1,952 MKE Ankaragücü
80%
Süper Lig 1,907 Gençlerbirliği
77%
Süper Lig 1,197 Antalyaspor
75%
Süper Lig 1,145 Kayserispor
72%
Süper Lig 1,197 Samsunspor
72%
TFF 3. Lig 1,406 Altay
65%
Süper Lig 854 Kasımpaşa
65%
TFF 1. Lig 916 Sivasspor
65%
Süper Lig 895 Çaykur Rizespor
63%
Süper Lig 1,021 Konyaspor
63%
Kapandı (2020) 1,324 Gaziantepspor
62%
TFF 3. Lig 1,104 Eskişehirspor
60%
TFF 1. Lig 870 İstanbulspor
40%
No matching quizzes found
Score Distribution
Percent of People with Each Score
Percentile by Number Answered
Your Score History
You have not taken this quiz